000 00562nam a2200205Ia 4500
005 20250508153631.0
008 008 250505s9999 xx 000 0 eng d
037 _aBooks to be hide in OPAC
040 _aFEDL
_beng
_cFEDL
041 _aeng
_2eng
084 _a370.954, ALT/O
_qFEDL
100 _aAltekar A S
245 0 _aEducation in ancient India
250 _a4
260 _aBanaras, India
_bNand Kishore and Brothers
_c1951
300 _aix,320p
365 _aINR
_b5.8
942 _cHB
_h370.954, ALT/O
999 _c1344549
_d1344549